00278nam a2200109Ia 4500008004100000082001500041100001900056245003800075260004000113300000700153650000800160191201s2000 xx 000 0 und d a658.8bAHI aAHLUWALIA, G.S 0aInternational Marketing logistics aN. delhibVrinda Publicationsc2000 a62 aMBA